Tribus y territorios académicos: la indagación intelectual y las culturas de las disciplinas

Salvato in:
Dettagli Bibliografici
Autore principale: Becher, Tony (autor)
Natura: Libro
Lingua:spagnolo
Pubblicazione: Barcelona, España: Gedisa, 2001.
Serie:Biblioteca de Educación.
Soggetti:
Tags: Aggiungi Tag
Nessun Tag, puoi essere il primo ad aggiungerne!!

MARC

LEADER 00000cam a2200000 a 4500
001 UCL0131
003 CL-VaPUC
005 20240430085125.0
008 030627e20010000SP |||||||||||||||||spa|d
999 |c 304153  |d 304151 
020 |a 8474327571 
040 |c Pontificia Universidad Católica de Valparaíso 
082 0 4 |a 378.120941 BECt 2001   |2 21 
100 0 |a Becher, Tony  |e autor  |9 476862 
245 1 0 |a Tribus y territorios académicos: la indagación intelectual y las culturas de las disciplinas 
260 |a Barcelona, España:  |b Gedisa,  |c 2001. 
300 |a 253 páginas.  
490 0 |a Biblioteca de Educación.  
583 |a last modification  |c 20130304 09:52:47  |k Rodrigo Vera 
650 |a Profesores universitarios  |z Gran Bretaña   |9 888712 
650 |a Profesores universitarios  |z Estados Unidos  |9 888713 
650 0 |a Universidades   |z Gran Bretaña  |9 888716  |v Planes de estudio 
650 0 |a Universidades  |z Estados Unidos  |9 888717  |v Planes de estudio 
942 |c BK  |2 ddc 
945 |d 20030627 00:00:00  |a cmena 
952 |0 0  |1 0  |4 0  |6 378_120941000000000_BECT_2001  |7 0  |8 A  |9 366033  |a BIBEDU  |b BIBEDU  |d 2019-11-21  |i 3850218  |o 378.120941 BECt 2001  |p 3850218  |r 2019-11-21  |w 2019-11-21  |y BK  |k PSI 
952 |0 0  |1 0  |4 0  |6 378_120941000000000_BECT_2001  |7 0  |8 A  |9 366034  |a FDOPOS  |b FDOPOS  |d 2019-11-21  |i 495274K  |o 378.120941 BECt 2001  |p 495274K  |r 2025-01-22  |w 2019-11-21  |y BK  |k DLA